Statistics for Top 10 Ivorian PL appearances

Click here to take the quiz!

General Stats

  • This quiz has been taken 13 times
  • The average score is 4 of 10

Answer Stats

AppsAnswer% Correct
254Drogba
100%
353Toure
91%
219Toure
91%
132Eboue
45%
156Kalou
45%
88Zokora
27%
113Zaha
18%
100Bony
9%
138Tiote
9%
84Meite
0%

Score Distribution

Percentile by Number Answered

Percent of People with Each Score

Your Score History

You have not taken this quiz